Taylor Swift 32 - Statistics

General Stats
  • This quiz has been taken 17 times
    12 since last reset
  • The average score is 386 of 465
Answer Stats
Answer % Correct
I
100%
me
100%
my
100%
you
100%
your
100%
a
89%
after
89%
again
89%
air
89%
all
89%
and
89%
are
89%
at
89%
be
89%
'bout
89%
but
89%
by
89%
can
89%
can't
89%
'cause
89%
cold
89%
'bout
89%
do
89%
door
89%
down
89%
even
89%
ever
89%
for
89%
from
89%
get
89%
got
89%
home
89%
house
89%
I'm
89%
in
89%
it
89%
it's
89%
just
89%
left
89%
light
89%
like
89%
lost
89%
no
89%
not
89%
now
89%
of
89%
oh
89%
on
89%
remember
89%
scarf
89%
sister's
89%
so
89%
something
89%
still
89%
street
89%
telling
89%
that
89%
the
89%
there
89%
thing
89%
this
89%
through
89%
to
89%
too
89%
up
89%
walk
89%
walked
89%
was
89%
we
89%
well
89%
we're
89%
were
89%
when
89%
why
89%
with
89%
about
78%
back
78%
being
78%
break
78%
call
78%
car
78%
could
78%
cruel
78%
dancing
78%
days
78%
disposition
78%
felt
78%
forget
78%
gaze
78%
getting
78%
honest
78%
I'd
78%
know
78%
little
78%
long
78%
loved
78%
made
78%
name
78%
needed
78%
nothing
78%
old
78%
one
78%
piece
78%
promise
78%
sweet
78%
town
78%
you've
78%
asked
67%
before
67%
casually
67%
drawer
67%
else
67%
enough
67%
first
67%
future
67%
gone
67%
hair
67%
innocence
67%
keep
67%
kitchen
67%
known
67%
mail
67%
maybe
67%
middle
67%
mother's
67%
much
67%
night
67%
nights
67%
over
67%
own
67%
paper
67%
past
67%
rare
67%
real
67%
refrigerator
67%
reminds
67%
rid
67%
'round
67%
running
67%
scared
67%
self
67%
singing
67%
smells
67%
somehow
67%
stairs
67%
stories
67%
team
67%
these
67%
things
67%
time
67%
translation
67%
trying
67%
very
67%
week
67%
wind
67%
yeah
67%
almost
56%
alone
56%
autumn
56%
bed
56%
falling
56%
find
56%
fine
56%
here
56%
into
56%
leaves
56%
looking
56%
lying
56%
masterpiece
56%
okay
56%
picture
56%
pieces
56%
place
56%
plaid
56%
ran
56%
red
56%
shirt
56%
tee-ball
56%
thinking
56%
'til
56%
tore
56%
upstate
56%
wide-eyed
56%
album
44%
cheeks
44%
counter
44%
crumpled
44%
fly
44%
glasses
44%
kid
44%
magic's
44%
might
44%
more
44%
paralyzed
44%
photo
44%
taught
44%
turning
44%
twin-sized
44%
used
44%
won't
44%
No matching quizzes found
Score Distribution
Percent of People with Each Score
Percentile by Number Answered
Your Score History
You have not taken this quiz since the last reset